Advances In Cashew production Technology (Record no. 3190)
[ view plain ]
| 000 -LEADER | |
|---|---|
| fixed length control field | 00348nam a22001457a 4500 |
| 020 ## - INTERNATIONAL STANDARD BOOK NUMBER | |
| International Standard Book Number | 978-81-937464-5-5 |
| 041 ## - LANGUAGE CODE | |
| Language code of text/sound track or separate title | ENG |
| 100 ## - MAIN ENTRY--PERSONAL NAME | |
| Personal name | B.R Salvi |
| 245 ## - TITLE STATEMENT | |
| Title | Advances In Cashew production Technology |
| 260 ## - PUBLICATION, DISTRIBUTION, ETC. (IMPRINT) | |
| Place of publication, distribution, etc | Dapoli |
| Name of publisher, distributor, etc | DBSKKV |
| Date of publication, distribution, etc | 2018 |
| 300 ## - PHYSICAL DESCRIPTION | |
| Extent | 428 |
| 650 ## - SUBJECT ADDED ENTRY--TOPICAL TERM | |
| Topical term or geographic name as entry element | GAE |
| 700 ## - ADDED ENTRY--PERSONAL NAME | |
| Personal name | V.K Patil .P.M Haldankar ,Y,R.Parulekar |
| 856 ## - ELECTRONIC LOCATION AND ACCESS | |
| Uniform Resource Identifier | GAE |
| Withdrawn status | Lost status | Source of classification or shelving scheme | Damaged status | Not for loan | Home library | Current library | Shelving location | Date acquired | Cost, normal purchase price | Total Checkouts | Barcode | Date last seen | Price effective from | Koha item type | Date checked out |
|---|---|---|---|---|---|---|---|---|---|---|---|---|---|---|---|
| Dewey Decimal Classification | College of Agricultural Engineering and Technology, Dapoli , Library | College of Agricultural Engineering and Technology, Dapoli , Library | Book Cart | 05/04/2022 | 700.00 | 007862 | 05/04/2022 | 05/04/2022 | Books | ||||||
| Dewey Decimal Classification | College of Agricultural Engineering and Technology, Dapoli , Library | College of Agricultural Engineering and Technology, Dapoli , Library | Book Cart | 05/04/2022 | 700.00 | 1 | 007863 | 12/01/2026 | 05/04/2022 | Books | 09/01/2026 |